书目信息 |
| 题名: |
电磁场实验导则
|
|
| 作者: | 聂孟 著 ;黄席椿 译 | |
| 分册: | ||
| 出版信息: | 北京 高等教育出版社 1954 |
|
| 页数: | 179页 | |
| 开本: | 20cm | |
| 丛书名: | ||
| 单 册: | ||
| 中图分类: | O441.4 | |
| 科图分类: | ||
| 主题词: | 电磁学 , 电动力学 | |
| 电子资源: | ||
| ISBN: | ||
| 000 | 00694nam0 2200241 450 | |
| 001 | 0652847594 | |
| 005 | 20060817162735.50 | |
| 010 | @dCNY0.90 | |
| 100 | @a20060724d1954 km y0chiy0120 ea | |
| 101 | 0 | @achi@crus |
| 102 | @aCN@b110000 | |
| 102 | @aCN@b110000 | |
| 200 | 1 | @a电磁场实验导则@Adian ci chang shi yan dao ze@f(苏)Д·Р·聂孟著@F(su)Д·Р·nie meng zhu@g黄席椿译@Ghuang xi chun yi |
| 210 | @a北京@c高等教育出版社@d1954 | |
| 215 | @a179页@d20cm | |
| 300 | @a高等学校教学用书 | |
| 606 | 0 | @a电磁学 |
| 606 | 0 | @a电动力学 |
| 690 | @aO441.4@v3 | |
| 701 | 0 | @a聂孟@Anie meng@4著 |
| 702 | 0 | @a黄席椿@Ahuang xi chun@4译 |
| 801 | 0 | @aCN@bPFT@c20060817 |
| 905 | @a10447@dO441.4@e100 | |
| 电磁场实验导则/(苏)Д·Р·聂孟著/黄席椿译.-北京:高等教育出版社,1954 |
| 179页;20cm |
| 高等学校教学用书 |
| ISBN :CNY0.90 |
| ● |
| 相关链接 |
|
|
|
|
正题名:电磁场实验导则
索取号:O441.4/100
 
预约/预借
| 序号 | 登录号 | 条形码 | 馆藏地/架位号 | 状态 | 备注 |
| 1 | 0432630 | 204326309 | 密集书库/ [索取号:O441.4/100] | 在馆 | |
| 2 | 0468472 | 204684724 | 密集书库/ [索取号:O441.4/100] | 在馆 |